[Event "EU-chT (Men) 14th"]
[Site "Plovdiv"]
[Date "2003.10.19"]
[Round "8.1"]
[White "Kulaots, Kaido"]
[Black "Kozul, Zdenko"]
[Result "0-1"]
[WhiteElo "2530"]
[BlackElo "2597"]
[Annotator "Erenburg,S"]
[PlyCount "100"]
[EventDate "2003.10.10"]
[EventType "team-swiss"]
[EventRounds "9"]
[EventCountry "BUL"]
[SourceTitle "CBM 098"]
[Source "ChessBase"]
[SourceDate "2004.02.03"]
[SourceVersion "1"]
[SourceVersionDate "2004.02.03"]
[SourceQuality "1"]
[WhiteTeam "Estonia"]
[BlackTeam "Croatia"]
[WhiteTeamCountry "EST"]
[BlackTeamCountry "CRO"]

1. e4 {Hecht,H} c5 2. Nf3 Nc6 3. d4 cxd4 4. Nxd4 Qb6 5. Nb5 {Another
theoretical possibility is} (5. Nb3) 5... a6 6. Be3 Qd8 {Black tried also} (
6... Qa5+ {1-0 Ehlvest,J-Smirin,I/Moscow 1992/CBM 33/[Kortschnoj] (24)}) 7. Nd4
{White has the following options:} (7. N5c3 e6 (7... b5 8. a4 b4 9. Nd5 Rb8 10.
Bg5 d6 11. Nd2 h6 12. Bh4 g5 13. Bg3 Bg7 14. Rb1 Nf6 15. Ne3 Qb6 16. Ndc4 Qc5
17. f3 Nh5 18. Bf2 Bd4 19. Qd2 Be6 $11 {1/2-1/2 Brodsky,M-Shtyrenkov,V/Fakel
Jamala, Noyabrsk RUS 2003 (49)}) 8. Nd2 b5 9. a4 b4 10. Nd5 exd5 11. exd5 Nce7
12. Qe2 Nxd5 13. Bc5+ Be7 $19 {0-1 Ehlvest,J-Yermolinsky,A/San Francisco 2000/
EXT 2001 (22)}) (7. N5a3 b5 8. c4 b4 9. Nc2 Nf6 10. Nd2 Bb7 11. f4 d6 12. Qf3
g6 13. O-O-O (13. Bd3) 13... Bg7 14. e5 dxe5 15. fxe5 Nd7 16. e6 fxe6 17. Nb3
Qc7 $13 {1/2-1/2 Gurevich,I-Polgar,J/New York 1992/CBM 31 (35)}) 7... e5 $1 {
seems very strong. This position is very similar to Kalashnikov variation with
white's dark-squared bishop on e3 and black's pawn is already located on a6. I
think, it is quite a big achievement for black, as bishop on e3 is useless...}
(7... Nf6 8. Nc3 e5 9. Nf5 d5 10. exd5 Nb4 11. Ng3 Nfxd5 12. Nxd5 Qxd5 13. Qxd5
Nxd5 $15 {0-1 Shabalov,A-Yermolinsky,A/Saint Paul 2000/EXT 2001 (50)}) 8. Nb3
Nf6 9. Bg5 $146 {Interesting nuance. This position can arise after the
following order of moves: 1.e4 c5 2.Nf3 Nc6 3.d4 cxd4 4.Nxd4 e5 5.Nb3 Nf6 6.
Bg5 a6. In this unambitious variation (5.Nb3) black has extra tempo. So, we
can resume, that the results of the opening are very pleasant for black.} (9.
Nc3 Bb4 10. Bg5 h6 11. Bxf6 Bxc3+ 12. bxc3 Qxf6 $15 {0-1 Freiknecht,H-Lehmann,
H/Dortmund 1998/EXT 2002 (20)}) 9... h6 10. Bxf6 Qxf6 11. Bc4 Bb4+ $1 {It is
very important to rob from white the possibility to occupy the c3 square by
the knight.} (11... b5 12. Bd5) 12. c3 Bd6 $5 {seems a little strange. But
this move has a concrete idea- black wants to transfer the bishop to the
diagonal a7-g1.} (12... Be7) 13. a4 {preventing b7-b5.} O-O 14. N1d2 Bb8 $1 15.
Qe2 Ba7 16. O-O d6 17. Nc1 {Now white decides to transfer the knight to
central square d3.} (17. a5 {is also possible:} Be6 18. Bd5) 17... Be6 18. Nd3
(18. Bd5 {again deserved attention.}) 18... Rad8 19. Rad1 (19. Bd5 {
preventating the breakthrough d6-d5. It seems like the only way to fight for
an advantage.}) 19... d5 20. exd5 Bxd5 $11 {After black succeeded to change
his 'd" pawn, his position isn't worse. Of course, now it's white turn to
think about an equality, as black has an active dark-squared bishop.} 21. Ne4
Qh4 (21... Qe7 22. Ndc5 Bxc4 23. Qxc4 $11) 22. Bxd5 Rxd5 23. b4 $1 {preparing
the stronghold on c5 for one of the knights.} Rfd8 24. Ndc5 Rxd1 25. Rxd1 f5
26. Rxd8+ ({Interesting was} 26. Nd6 Bxc5 27. Qa2+ $1 Kh7 28. bxc5 Qe7 29. Rb1
$14) 26... Nxd8 (26... Qxd8 $4 27. Nxb7) 27. Qc4+ $2 {Wrong decision to trade
the queens. Much better was} (27. Nd6 Bxc5 28. Qa2+ Kh7 29. bxc5 $11) 27... Kh8
28. Nd6 Qxc4 29. Nxc4 Bxc5 30. bxc5 {Hecht,H: '[#] Ideeller schwarzer
Mehrbauer - Taktik.'} e4 $17 {White has too many weak pawns. After the
activation of black monarch white's position will become very difficult.} 31.
Nd6 {Hecht,H: 'Der positionelle Weg erweist sich überraschenderweise als zu
langsam, weil der schwarze König eher und besser ins Spiel kommt.'} ({
Interessant und besser war die revolutionäre Methode} 31. g4 $5 {Hecht,H} fxg4
32. Nd6 g5 33. Nxe4 Ne6 34. Kf1 Kg7 35. Ke2 Kg6 36. Kd3 $132 {[%csl Rb7][%cal
Re4d6,Gd3c4,Gc4d5] [#]}) 31... g6 32. h4 h5 {preventing h4-h5 resourse.} 33. f3
$2 ({White had more chances after} 33. Kf1 Kg7 34. Ke2 Kf6 35. f3 {. In this
case, white has less weaknesses, than in the game.}) 33... exf3 34. gxf3 Kg7
35. Kf2 Kf6 36. f4 {preventing from black to organize passed pawn with g6-g5.
But it doesn't help white, as black's king is going to be transfered to
queenside, where white has too many weaknesses.} ({White's position seems
hopeless after} 36. Ke3 {as well:} g5 37. hxg5+ Kxg5 38. Kf2 Kf4 39. Kg2 h4 $17
) 36... Ke6 {Hecht,H: '[#] Zwar hat Weiß die schwarze Majorität am
Königsflügel lahmlegen können, doch um den Preis der schlechteren
Königsposition. Es drohen sowohl Kd5 wie b6.'} 37. c4 {White loses after the
following continuations as well:} (37. Ke3 Kd5 38. Nc8 Kxc5 39. Ne7 Kc4 40.
Nxg6 Kxc3 41. Ne7 a5 42. Nxf5 b5 $19) (37. Nc8 Kd7 (37... Nc6 38. Nb6) 38. Nb6+
Kc6 39. Nc8 Kxc5 40. Ne7 Kc4 41. Nxg6 Kxc3 42. Ne7 a5 $19) 37... Kd7 {Hecht,H:
'Kreist den Sd6 vollständig ein!'} (37... b6 {Hecht,H} 38. Ne8 bxc5 39. Nc7+
Kd7 40. Nd5 {und Weiß hat eine Festung errichtet}) 38. Ke3 b6 $1 $19 {Black is
going to win material, which should be enough for a victory.} 39. Kd4 Ne6+ 40.
Ke5 Nxc5 {Hecht,H: 'Zwar hat der weiße König ins Spiel kommen können, doch die
Stellung ist aufgebrochen und beinhaltet etliche weiße Bauernschwächen'} 41.
Nf7 Ke7 42. Nd6 (42. Nh8 {doesn't help white at all:} Nd3+ 43. Kd4 Nxf4 44. Ke5
Nd3+ 45. Kd4 Nc5 46. Nxg6+ Kf6 47. a5 (47. Nf4 Ne6+ $19) 47... Ne6+ 48. Kd5
bxa5 49. Ne5 a4 $19) 42... Nd3+ 43. Kd5 Kd7 $1 {The precisest move, which
doesn't allow white to invade into black's camp.} 44. Nf7 Nxf4+ 45. Ke5 Ng2 46.
Kf6 Nxh4 {Black is three pawns up. The rest of the game needs no comments.} 47.
Kg5 Nf3+ 48. Kf4 (48. Kxg6 h4 {and the "h" pawn is unstoppable.}) 48... Ke7 49.
Nh8 Kf6 50. Kxf3 (50. a5 Ne5 51. axb6 g5+ 52. Kg3 Kg7 $19) 50... a5 $1 {
not giving white any chance. Hecht,H: 'Verhindert auch den allerletzten Hebel'}
(50... Kg7 {'!?' Hecht,H. wins as well:} 51. a5 bxa5 52. c5 a4 53. c6 a3 54. c7
a2 55. c8=Q a1=Q $19 {'-/+' Hecht,H. Hecht,H: 'bzw. -+ mit technischen
Problemen.'}) 0-1

[Event "Sarajevo Bosnia 34th"]
[Site "Sarajevo"]
[Date "2004.05.20"]
[Round "3"]
[White "Movsesian, Sergei"]
[Black "Kurajica, Bojan"]
[Result "1-0"]
[WhiteElo "2647"]
[BlackElo "2540"]
[Annotator "Ftacnik,L"]
[PlyCount "79"]
[EventDate "2004.05.18"]
[EventType "tourn"]
[EventRounds "9"]
[EventCountry "BIH"]
[EventCategory "15"]
[SourceTitle "CBM 101"]
[Source "ChessBase"]
[SourceDate "2004.07.27"]
[SourceVersion "1"]
[SourceVersionDate "2004.07.27"]
[SourceQuality "1"]

1. e4 c5 2. Nf3 a6 3. c3 g6 4. d4 cxd4 5. Qxd4 Nf6 6. e5 Nc6 7. Qh4 Nd5 8. Bc4
e6 9. Bg5 Be7 (9... Qb6 10. b3 Nce7 11. Bxd5 Nxd5 12. Bf6 Nxf6 13. Qxf6 Rg8 14.
Ng5 Rg7 15. Ne4 $16) 10. Bxd5 (10. Bxe7 Ndxe7 11. Nbd2 g5 $5 12. Qxg5 Ng6 13.
Qe3 Qc7 $14) 10... exd5 (10... Bxg5 11. Nxg5 exd5 12. Qh6 Qe7 13. O-O Qf8 14.
Qxf8+ Kxf8 15. f4 $16) 11. Bxe7 Qxe7 12. Qxe7+ {Movsesian have chosen a bit
alibistic move, more ambitions could have been connected with the more
demanding 12.Qf6!?} (12. Qf6 $5 Qxf6 13. exf6 d6 14. O-O (14. Kd2 O-O 15. Re1
$14) 14... Bf5 15. Re1+ Kd7 16. Nbd2 $14) 12... Kxe7 13. Nbd2 d6 14. exd6+ Kxd6
15. O-O-O Ke7 (15... Re8 16. Nc4+ Kc5 17. Ne3 Be6 18. b4+ Kd6 19. c4 $1 Ne7 20.
Rd2 $16) 16. Rhe1+ Kf6 (16... Be6 17. Nb3 Kd6 18. Ng5 $14) 17. Nb3 Rd8 (17...
Bg4 18. Rxd5 Bxf3 19. gxf3 $14) 18. Nfd4 {White is slightly better due to the
blockading of the isolated pawn, but the chances for win are pretty miniscule.}
Bg4 (18... g5 19. Re2 $14) 19. f3 Bd7 20. Nc5 Rab8 (20... Nxd4 21. Rxd4 b6 22.
Nd3 Be6 23. Rd1 Rd7 24. Nb4 $16) 21. Rd2 (21. h4 $5 h5 22. Rd2 $16) 21... h5
22. Nxc6 (22. h4 $1) 22... Bxc6 (22... bxc6 23. Nxa6 Ra8 24. Nb4 $16) 23. Nb3
Re8 24. Rde2 Rxe2 25. Rxe2 Bb5 (25... Re8 $5 26. Rxe8 Bxe8 27. Kd2 b6 28. h4
$14) 26. Re1 Rc8 27. Nd4 Bd7 28. Kd2 g5 (28... b6 29. h4 Re8 $14) 29. b3 Rg8 {
Black is not even willing to defend the endgame without rooks.} (29... Re8 30.
Rxe8 Bxe8 31. Ke3 Ke5 32. g3 $14) 30. Re3 Rc8 31. Ke2 Rg8 32. Kd3 g4 (32... Rc8
$14) 33. Ke2 gxf3+ $6 (33... g3 34. hxg3 Rxg3 35. Kf2 h4 36. Rd3 $14) 34. Rxf3+
Ke5 $2 {Towards the end of the game Kurajica went to pieces and few of his
moves have belonged to the second category.} (34... Ke7 35. Kf2 $14) 35. Rxf7
Rxg2+ 36. Kf3 Bh3 37. Rh7 Rg5 (37... Kf6 38. Rxh5 Bg4+ 39. Kxg2 Bxh5 40. Kf2
$18) 38. Rxb7 Bg2+ $2 (38... Rg1 39. Nc6+ Kd6 40. Nb4 $16) 39. Ke3 Rg4 40. Rb6
1-0

[Event "EU-Cup 20th"]
[Site "Izmir"]
[Date "2004.10.08"]
[Round "6.6"]
[White "Teran Alvarez, Ismael"]
[Black "Golod, Vitali"]
[Result "0-1"]
[WhiteElo "2431"]
[BlackElo "2554"]
[Annotator "Golod,V"]
[PlyCount "84"]
[EventDate "2004.10.03"]
[EventType "team-swiss"]
[EventRounds "7"]
[EventCountry "TUR"]
[SourceTitle "CBM 104"]
[Source "ChessBase"]
[SourceDate "2005.01.27"]
[SourceVersion "1"]
[SourceVersionDate "2005.01.27"]
[SourceQuality "1"]
[WhiteTeam "Tiendas"]
[BlackTeam "Beer Sheva"]
[WhiteTeamCountry "ESP"]
[BlackTeamCountry "ISR"]

1. e4 c5 2. Nf3 a6 3. c4 d6 {I've prepared this new line especially for this
game.} (3... e6 {It's main line.You can see my comments to Golod,V-Zak,U/ISR,
2002/CBM 88(1-0)(33)}) 4. d4 Bg4 5. dxc5 (5. d5 $5 {is the main move.}) 5...
Bxf3 6. gxf3 {'!?' Novelty,from the point of view of my games.Recently with me
was tested:} (6. Qxf3 {(this move does not put the large problems for Black)}
dxc5 7. e5 Nc6 (7... Qd7 $6 8. Nc3 Nc6 9. Bf4 {/\Rd1} Nd4 10. Qe4 $14) 8. e6 $5
$13 {Postny,E-Golod,V/Tel-Aviv,2004(1/2-1/2)(28)}) 6... Qa5+ (6... dxc5 $6 {
All three games,which have reached this position were continued as follows:} 7.
Qxd8+ Kxd8 8. Be3 {/\Nc3 (by necessity Na4),0-0-0 |^ For an example we shall
consider most interesting of them:} e5 9. f4 f6 10. Nc3 Nc6 11. O-O-O+ Nd4 12.
fxe5 fxe5 13. f4 exf4 14. Bxf4 Ke8 15. Nd5 Rd8 16. Bc7 Rd7 17. Bh3 Rf7 18. Rhf1
$16 {Borkowski,F-Nazarov,A/Katowice,1990(1-0)(34)}) 7. Bd2 {'?!'} ({After
logical answer:} 7. Nc3 $1 {White can win a tempo:} Qxc5 $140 ({A new dubious
attempt to equalize a position was tested in the following game:} 7... dxc5 $2
8. Qb3 $1 {קb7} Nd7 (8... Qc7 $2 9. Bf4 $1 $18) 9. Qxb7 Rb8 10. Qc6 e6 11. Qa4
Qb6 12. Bh3 $16 {Antonio,R-Tu Hoang Thai/Vung Tau,2000(1/2-1/2)(33)}) 8. Be3
Qc6 9. Be2 $14) 7... Qxc5 8. Nc3 ({In this position also once were checked the
following moves:} 8. b4 $5) ({and} 8. Be3 $5) 8... Nd7 {'N'} ({Was checked in
the preceding game:} 8... e6 9. Be3 Qc7 10. Qd2 Nc6 11. Be2 Nf6 12. Rc1 Qa5 13.
f4 Rd8 14. O-O Be7 15. a3 O-O 16. b4 Qc7 17. Bf3 Qb8 18. Bb6 Rd7 19. b5 $14 {
Leyva,H-Li,M/Cuba,1993(1/2-1/2)(42)}) 9. Be3 Qc6 10. Be2 {'+/=' White got a
comfortable position from the opening.Black has lagged behind in development
and all White's pieces are on their best places.} e6 11. Qd4 {'?!' It was
rather complex to guess this and some subsequent moves of my contender.} (11.
O-O $142 {/\Rc1 and Nd5 (ףc6)}) 11... Ngf6 12. Rg1 Rc8 13. Rc1 {'?!' White,
already have lost the opportunities to make castle in the short and long party.
} (13. O-O-O $5 Ne5 14. b3 b5 15. f4 $14) 13... g6 {In turn,I want to finish
development of pieces and to make the short castle.} 14. Bd1 Bg7 15. Ba4 {
The next strange decision. B is translated on a unsuccessful position.} Qc7 (
15... Qxc4 $6 16. Qxd6 Bf8 17. Qd1 $14) 16. Rd1 O-O {'=/+!' After some last
moves, the picture has changed cardinally: the white's K has got stuck at the
centre and all my pieces are on their best places.} 17. f4 ({The pawn"d6" is
inviolable:} 17. Qxd6 $2 Qxd6 18. Rxd6 Ne5 $17 {קc4,Pf3}) ({or} 17. Bxd7 $2
Nxd7 18. Qxd6 Qxd6 19. Rxd6 Ne5 $17 {קc4,Pf3}) 17... Nd5 18. Nxd5 exd5 19.
Qxd5 ({Hardly it was better:} 19. Qd2 $6 Nc5 $1 20. Bxc5 (20. Bc2 dxc4 $17 21.
Qxd6 $140 $2 Nd3+ 22. Rxd3 cxd3 23. Qxc7 Rxc7 24. Bxd3 Bxb2 $19) 20... Qxc5 21.
cxd5 (21. Qxd5 $4 Qb4+) 21... Qc4 $17 {[%csl Ra4,Re4]}) 19... Nf6 20. Qd2 (20.
Qxd6 $4 {is refuted by:} Qa5+) 20... Nxe4 21. Qc2 Nc5 {'!?' This move is the
"harbinger" of active actions in this game.I rather long chose between it and
another continuation:} (21... Qxc4 $5 22. Qxc4 Rxc4 23. Bb3 Rc7 (23... Rb4 $143
24. f5 Kh8 25. fxg6 hxg6 26. Rg4 Bxb2 27. Bd5 Bc3+ 28. Ke2 Nc5 29. Rxb4 Bxb4
$15) 24. f5 {=/+/-/+}) 22. Bb3 Nxb3 23. axb3 b5 {The a little bit hasty
decision.} (23... Rfd8 $5 {[%csl Rc2,Yd8][%cal Gd6d5,Gb7b5]} 24. Rd5 $140 b5
$17) 24. f5 Rfe8 25. Kf1 {At last,White have removed the king from the centre.}
d5 {'!?'} 26. fxg6 ({Leads to my benefit:} 26. Rxd5 $143 Qxh2 {/\Rxe3 (ףc2)}
27. Qd3 bxc4 28. bxc4 Bxb2 $17) 26... hxg6 27. Rxd5 Qxh2 28. Qd3 Bxb2 ({
It was necessary:} 28... bxc4 $5 29. bxc4 Qh3+ 30. Ke2 Bxb2 {-/+/=/+} 31. Rxg6+
$140 $2 fxg6 32. Qxg6+ Bg7 33. Rh5 Qe6 34. Qh7+ Kf8 35. Rf5+ Bf6 $19) 29. Rd7 (
29. Rxg6+ $3 fxg6 30. Qxg6+ Bg7 31. Rh5 Qxh5 $8 (31... Qc7 $2 32. Qh7+ Kf8 33.
Rf5+) 32. Qxh5 bxc4 33. Qd5+ Kh8 34. bxc4 $16) 29... Qh3+ 30. Ke1 Rc6 31. c5
Bc3+ 32. Kd1 {'[]'} (32. Qxc3 $2 Qxd7 33. Rh1 f6 $19) ({After:} 32. Ke2 $2 {
I have prepared a small trap:} Rxe3+ $3 33. Qxe3 $140 (33. fxe3 Qh2+ {[%csl
Re2,Rg1][%cal Gc6f6]}) 33... Re6 $19) 32... Qe6 33. Kc2 {'?!' And nevertheless
it was not necessary to hasten with this move.} (33. Qd5 $142 {=/=/+}) 33...
Bg7 ({It deserves more attention:} 33... Bb4 $5 34. Rg5 Rec8 {קc5}) 34. Rd1
Qe5 35. Rb1 {'?' The wrong decision,this not too successful place for White's
rook. It allows me to execute the following combination.} (35. Bd4 $5 Qf4 (
35... Rxc5+ $2 36. Kb1) 36. Be3 Qb4 $40) 35... Rxc5+ {'!'} 36. Bxc5 Qxc5+ 37.
Kd1 Qh5+ (37... Qxf2 38. Rd8 Rxd8 39. Qxd8+ Kh7 {-/+/-+}) 38. Kd2 {White can
not find protection against numerous threats,also immediately loses a game:} (
38. f3 Qh1+ 39. Kc2 (39. Kd2 $144 Qg2+ 40. Kd1 Qg1+ {[%csl Rd1][%cal Gg7h6,
Ge8c8]} 41. Kc2 (41. Kd2 Qf2+ 42. Kc1 Re1+) 41... Qf2+ 42. Qd2 Re2) 39... Rc8+
40. Kd2 Bh6+ 41. Ke2 Qg2+ 42. Ke1 Qg1+ 43. Ke2 (43. Qf1 Re8+) 43... Re8+) 38...
Bh6+ {-+} 39. Kc3 (39. Kc2 Re2+ 40. Kc3 $140 Qc5+) 39... Qc5+ 40. Kb2 Qxf2+ 41.
Ka3 ({Also other moves couldn't help.For example:} 41. Qc2 Re2) ({or} 41. Ka1
Bg7+) 41... Bf8+ {In this hopeless position Ismael Teran Alvarez stopped to
resist.} 42. b4 (42. Rd6 Qc5+) 42... Re3 0-1

[Event "EU-chT (Men) 20th"]
[Site "Reykjavik"]
[Date "2015.11.14"]
[Round "2.2"]
[White "Agopov, Mikael"]
[Black "Rapport, Richard"]
[Result "0-1"]
[WhiteElo "2452"]
[BlackElo "2693"]
[Annotator "Havasi,G"]
[PlyCount "72"]
[EventDate "2015.11.13"]
[EventType "team-swiss"]
[EventRounds "9"]
[EventCountry "ISL"]
[SourceTitle "CBM 170"]
[Source "ChessBase"]
[SourceDate "2016.01.15"]
[SourceVersion "1"]
[SourceVersionDate "2016.01.15"]
[SourceQuality "1"]
[WhiteTeam "Finland"]
[BlackTeam "Hungary"]
[WhiteTeamCountry "FIN"]
[BlackTeamCountry "HUN"]

1. e4 c5 2. Nf3 a6 3. d4 cxd4 4. Nxd4 Nf6 5. Nc3 e5 6. Nf3 Bb4 7. Bc4 (7. Bd2 {
is the most usual.}) 7... Qc7 8. Bb3 d6 9. O-O Bxc3 10. bxc3 Nbd7 (10... Nxe4
11. Ba3 O-O 12. Qd5 Nc5 13. Rfd1 {is very good compensation for the pawn.}) 11.
Nd2 $146 (11. Nh4 {might be better} Nc5 12. f3 O-O 13. Bg5 Ne8 $132) (11. Ng5
O-O 12. f4 h6 $17 {1/2 (29) Dzhumaev,M (2529)-Karimov,I (2358) Tashkent 2009})
11... O-O 12. Re1 Nc5 13. f3 (13. Ba3 Rd8 $15) 13... Nxb3 14. axb3 Qxc3 15. Ba3
{This was White's plan} Be6 $1 (15... Rd8 $2 {is of course bad} 16. Nc4 $36)
16. Nf1 Rfd8 17. Ne3 Rac8 (17... Rd7 $17) 18. Qe2 Rd7 19. Rad1 Ne8 20. Rd3 Qa5
21. Bb2 b5 22. Rd2 (22. Red1 Qb6 {/\ ...a5}) 22... Qb6 $1 {The only good plan
for Black. The a-P is going to win the game for Black.} 23. Ra1 a5 24. Qf2 Ra7
25. Ba3 a4 $17 26. bxa4 bxa4 (26... Rxa4 $17) 27. Rdd1 Rc3 28. Rd3 Rxd3 29.
cxd3 Rc7 {The rook goes into White's position; the game is over.} 30. Rc1 Rxc1+
31. Bxc1 Nc7 32. Nc4 Qb3 33. Qb6 Qd1+ 34. Kf2 h5 35. Qxc7 Qxc1 36. Qd8+ Kh7 0-1

[Event "Srajber Memorial 08th"]
[Site "Subotica"]
[Date "2003.11.28"]
[Round "1"]
[White "Sanduleac, Vasile"]
[Black "Drazic, Sinisa"]
[Result "0-1"]
[WhiteElo "2480"]
[BlackElo "2467"]
[Annotator "Hecht,H"]
[PlyCount "150"]
[EventDate "2003.11.06"]
[EventType "tourn"]
[EventRounds "11"]
[EventCountry "YUG"]
[EventCategory "10"]
[SourceTitle "CBM 099"]
[Source "ChessBase"]
[SourceDate "2004.03.30"]
[SourceVersion "1"]
[SourceVersionDate "2004.03.30"]
[SourceQuality "1"]

1. e4 c5 2. Nf3 a6 3. c3 e6 4. d4 d5 5. e5 Bd7 6. Bd3 cxd4 7. Nxd4 Nc6 8. Nxc6
Bxc6 9. Qe2 Qd7 10. O-O Ne7 11. Na3 Ng6 12. Nc2 Bc5 13. Be3 Bxe3 14. Qxe3 Bb5
15. f4 O-O 16. Nd4 Bxd3 17. Qxd3 f6 18. exf6 Rxf6 19. g3 e5 20. fxe5 Nxe5 21.
Qe2 Rxf1+ 22. Rxf1 Re8 23. Qh5 g6 24. Qg5 Nf7 25. Qd2 Nd6 26. Nf3 Nc4 27. Qd4
Re4 28. Qc5 b6 29. Qf2 Qe7 30. Nd4 Ne3 31. Rc1 h5 32. Nf3 b5 33. Re1 Nc4 34. b3
Ne3 35. Qd2 Kg7 36. Qd3 Nf5 37. Qd2 h4 38. gxh4 Nxh4 39. Rf1 Nf5 40. Re1 Qc5+
41. Kh1 Qc6 42. Nd4 Qf6 43. Nxf5+ Qxf5 44. Qd1 Qh3 45. Rxe4 dxe4 46. Qd4+ Kh7
47. Kg1 Qg4+ 48. Kf1 Qf3+ 49. Qf2 Qd3+ 50. Kg2 Qd5 51. Qe3 g5 52. Kf2 Qf5+ 53.
Ke2 Qe5 54. Qg3 Qd5 55. Qe3 Kg6 56. Qb6+ Kh5 57. Qe3 Qe5 58. Qh3+ Kg6 59. Qg3
Qd5 60. Ke1 e3 61. Qxe3 Qh1+ 62. Kd2 Qxh2+ 63. Kd3 Qd6+ 64. Ke2 g4 65. c4 bxc4
66. bxc4 Kf5 67. Qd3+ Qxd3+ 68. Kxd3 a5 {[#] Theme: distant passed pawn.  It
is not purely a question of calculation. You need to recognize that a) after
the fall of the c-pawn it will take three moves to capture White's a-pawn and
b) the move Kf4 in particular is being threatened.  [#] Thema: entfernter
Freibauer Es liegt keine reine Abzählaufgabe vor. Es muss erkannt werden, dass
a) der weiße a-Bauer auf a2 nach dem Fall des c-Bauern erst in drei Zügen
genommen werden kann und b) insbesondere der Zug Kf4 droht.} 69. a4 $2 (69. Ke3
$8 $11) 69... Kf4 $1 70. c5 Ke5 71. Ke3 Kd5 72. Kf4 Kxc5 73. Kxg4 Kb4 74. Kf4
Kxa4 75. Ke3 Kb3 {and Kb2 blocks off the white king. und Kb2 schneidet dem
weißen König den Weg ab.} 0-1

[Event "EU-ch 4th"]
[Site "Istanbul"]
[Date "2003.05.30"]
[Round "1"]
[White "Bologan, Viktor"]
[Black "Stevic, Hrvoje"]
[Result "1-0"]
[WhiteElo "2663"]
[BlackElo "2550"]
[Annotator "Hecht,H"]
[PlyCount "65"]
[EventDate "2003.05.30"]
[EventType "swiss"]
[EventRounds "13"]
[EventCountry "TUR"]
[SourceTitle "CBM 096"]
[Source "ChessBase"]
[SourceDate "2003.09.25"]
[SourceVersion "1"]
[SourceVersionDate "2003.09.25"]
[SourceQuality "1"]

1. e4 c5 2. Nf3 a6 3. c3 g6 4. Be2 Bg7 5. d4 cxd4 6. cxd4 Nf6 7. e5 Nd5 8. Qb3
e6 9. Nc3 Nxc3 10. bxc3 d5 11. exd6 Qxd6 12. O-O Qc7 13. Ba3 Bf8 14. d5 Bxa3
15. Qxa3 exd5 16. Rfe1 Nc6 17. Bc4+ Be6 18. Bxd5 O-O-O 19. Bxe6+ fxe6 20. Rxe6
Rhe8 21. Rxe8 Rxe8 22. h3 Qb6 23. Rd1 Re7 24. Nd4 Rd7 25. Qf8+ Rd8 26. Qf3 Nxd4
27. cxd4 {[#] Schwarze sollte zunächst seinen König in Sicherheit bringen und
dann den weißen d-Bauern blockieren, was auch die weißen Schwerfiguren bindet.}
Qa5 $2 (27... Rxd4 $2 28. Qc3+ $18) (27... Kb8 $1 28. d5 Qd6 $16) 28. Qf4 $1 {
[%cal Rf4b8]} Re8 29. Rc1+ Kd7 30. Rc5 $18 Qb6 (30... Qe1+ 31. Kh2 Re7 32. Rc7+
{Mattangriff} Kd8 (32... Ke8 33. Rc8+ Kd7 34. Qc7+ Ke6 35. d5+ Kxd5 36. Rd8+
Ke6 37. Qd6+ Kf7 38. Qf4+ $18) 33. Qd6+ Ke8 34. Rc8+ Kf7 35. Qf4+ Ke6 36. d5+
Kxd5 37. Rd8+ Kc6 38. Qc4+ Kb6 39. Rd6+ Ka7 40. Qc5+ Kb8 41. Rd8#) 31. Qf7+ Re7
32. Rd5+ Kc6 33. Qf6+ 1-0